| 000 | 00729nam a2200277Ia 4500 | ||
|---|---|---|---|
| 001 | 36602 | ||
| 005 | 20240114001901.0 | ||
| 007 | ta | ||
| 008 | 070426s1943 a g b000 u 491 u | ||
| 040 | _aCotton College,Assam | ||
| 041 | _a491 | ||
| 082 |
_a780.954 _bSa 71 Sa |
||
| 100 | _aShashtri, S.Subrahmanya. | ||
| 245 | 0 |
_aSangitaratnakara of Sarnagadeva / _cS.Subrahmanya Shashtri. _hTextual Documents |
|
| 250 | _a1st ed. / | ||
| 260 |
_aMadras : _bThe Adyar Library , _c1943. |
||
| 300 |
_a416p. : _bill ; _c22cm . |
||
| 362 | _aVol. I- | ||
| 653 | _aIndian Music | ||
| 653 | _aMusic-India | ||
| 653 | _aG-Technology | ||
| 942 |
_2ddc _cBK |
||
| 999 |
_c36584 _d36584 |
||